| 000 | 00819nam a2200241 i 4500 | ||
|---|---|---|---|
| 001 | 131448 | ||
| 003 | ES-MaACL | ||
| 005 | 20250819063100.0 | ||
| 007 | t| | ||
| 008 | 070214s1974 sp |||| | spa d | ||
| 100 | 1 |
_aRodríguez Adrados, Francisco, _d1922-2020 _998318 |
|
| 245 | 1 | 0 |
_aEvolución y estructura del verbo indoeuropeo / _cFrancisco Rodríguez Adrados. |
| 250 | _a2ª. ed. aum. | ||
| 260 |
_aMadrid : _bInstituto Antonio de Nebrija, _c1974. |
||
| 300 |
_a2 v. ; _c25 cm. |
||
| 490 | 1 |
_aManuales y anejos de "Emérita" ; _v21 |
|
| 650 | 4 |
_aLenguas indoeuropeas- _xVerbo. _9165065 |
|
| 710 | 2 |
_aInstituto Antonio de Nebrija. _94795 |
|
| 830 | 0 |
_aManuales y anejos de "Emérita" ; _v21 _9183691 |
|
| 852 |
_aES-MaACL _jE-9108-89 |
||
| 852 |
_aES-MaACL _jE-7486-87 |
||
| 999 |
_c131448 _d131448 |
||